000 01004naa a22002777a 4500
001 BR7500596
003 BR-BrBNA
005 20240918173718.0
007 ta
008 230509b bl.||||| |||| 00| 0 por d
040 _aBR-BrBNA
_bpor
_cBiblioteca Nacional de Agricultura
041 _a(Pt)
072 _aP12
090 _aP12 BR7500596
100 1 _aChaudjry, F.
100 1 _aSato, J.
111 1 _a5. Congresso Nacional de Engenharia Agricola
_cLavras, MG (Brazil)
_d16 Jul 1975
245 1 _aOs parametros de desempenho de um sistema de aspersao
260 3 _aLavras, MG (Brasil):
_c1975.
500 _aAnais do 5. Congresso Nacional de Engenharia Agricola Lavras, MG (Brasil): 1975. v. 1(pt. 1)p. 109-116 (BR7500596-AM)P12
650 _aIrrigacao
650 _aIrrigacao por aspersao
773 0 _tAnais do 5. Congresso Nacional de Engenharia Agricola
_wP12 BR7500596
_gLavras, MG (Brasil), 1975. v. 1(pt. 1)p. 109-116
909 _a202404
_bLucia
_c55
_dLucia Elande
942 _cAM
_2AGRIS
999 _c306379
_d306379